Normal view
MARC view
Entry Topical Term
001 - CONTROL NUMBER
- control field: 14804
003 - CONTROL NUMBER IDENTIFIER
- control field: OSt
005 - DATE AND TIME OF LATEST TRANSACTION
- control field: 20210909124438.0
008 - FIXED-LENGTH DATA ELEMENTS
- fixed length control field: 210909|| aca||aabn | a|a d
040 ## - CATALOGING SOURCE
- Original cataloging agency: OSt
- Transcribing agency: OSt
150 ## - HEADING--TOPICAL TERM
- Topical term or geographic name entry element: Endocrine glands -- Diseases.
670 ## - SOURCE DATA FOUND
- Source citation: Work cat.: (OSt): Shlomo, Melmed: Kenneth S, Polonsky 14803, Williams textbook of endocrinology, c2001.
